[Event "European School Championships"]
[Site "Rhodes, Greece"]
[Date "2022.04.28"]
[Round "8.3"]
[White "Steiners, Emils"]
[Black "Gvasalia, Gaga"]
[Result "0-1"]
[WhiteElo "1731"]
[BlackElo "1211"]
[PlyCount "270"]
[EventDate "2022.04.21"]
[EventRounds "9"]

1. e4 c5 2. d4 cxd4 3. c3 Nf6 4. e5 Nd5 5. Nf3 e6 6. cxd4 d6 7. Bc4 Nc6 8. O-O
Be7 9. Qe2 O-O 10. Rd1 Na5 11. Bd3 Nb4 12. Nc3 Nxd3 13. Rxd3 d5 14. Be3 b6 {
[%emt 0:00:28]} 15. Rdd1 {[%emt 0:00:30]} Bb7 {[%emt 0:01:28]} 16. b3 {[%emt 0:
03:03]} Rc8 {[%emt 0:00:25]} 17. Rac1 {[%emt 0:01:02]} Ba3 {[%emt 0:12:16]} 18.
Rc2 {[%emt 0:01:27]} Nc6 {[%emt 0:04:30]} 19. Bg5 {[%emt 0:08:52]} Qd7 {
[%emt 0:01:03]} 20. Nb1 {[%emt 0:04:22]} Be7 {[%emt 0:02:07]} 21. Bxe7 {
[%emt 0:00:35]} Qxe7 {[%emt 0:00:12]} 22. a3 {[%emt 0:06:54]} Na5 {[%emt 0:01:
36]} 23. b4 {[%emt 0:03:40]} Nc4 {[%emt 0:12:46]} 24. Nfd2 {[%emt 0:08:07]} Ba6
{[%emt 0:05:45]} 25. Nxc4 {[%emt 0:00:31]} Rxc4 {[%emt 0:01:30]} 26. Rxc4 {
[%emt 0:01:27]} Bxc4 {[%emt 0:00:57]} 27. Qd2 {[%emt 0:02:07]} Rc8 {[%emt 0:00:
31]} 28. Rc1 {[%emt 0:01:30]} Qd7 {[%emt 0:08:26]} 29. Qb2 {[%emt 0:03:33]} a6
{[%emt 0:06:08]} 30. h3 {[%emt 0:06:33]} h6 {[%emt 0:07:24]} 31. Nd2 {[%emt 0:
05:26]} Kf8 {[%emt 0:01:21]} 32. Qc3 {[%emt 0:01:01]} Rc6 {[%emt 0:05:33]} 33.
Qb2 {[%emt 0:04:05]} Qd8 {[%emt 0:05:15]} 34. g3 {[%emt 0:05:29]} Qg5 {[%emt 0:
02:56]} 35. Rc3 {[%emt 0:04:20]} Qd8 {[%emt 0:01:56]} 36. Qc2 {[%emt 0:00:52]}
Kg8 {[%emt 0:01:26]} 37. Nxc4 {[%emt 0:00:16]} Qc7 {[%emt 0:00:01]} 38. a4 {
[%emt 0:05:11]} Rxc4 {[%emt 0:01:22]} 39. Rxc4 {[%emt 0:00:29]} Qxc4 {[%emt 0:
00:15]} 40. Qb2 {[%emt 0:00:17]} f6 {[%emt 0:02:11]} 41. f4 {[%emt 0:00:35]}
fxe5 {[%emt 0:00:30]} 42. fxe5 {[%emt 0:00:12]} h5 {[%emt 0:06:44]} 43. h4 {
[%emt 0:00:48]} a5 {[%emt 0:00:14]} 44. bxa5 {[%emt 0:00:31]} bxa5 {[%emt 0:00:
09]} 45. Qb6 {[%emt 0:01:02]} Kh7 {[%emt 0:10:44]} 46. Qb1+ {[%emt 0:00:46]} g6
{[%emt 0:00:52]} 47. Qb7+ {[%emt 0:00:09]} Kh6 {[%emt 0:00:01]} 48. Qb6 {
[%emt 0:00:45]} Qxa4 {[%emt 0:00:20]} 49. Qxe6 {[%emt 0:00:24]} Qxd4+ {[%emt 0:
00:24]} 50. Kg2 {[%emt 0:00:36]} Qe4+ {[%emt 0:00:47]} 51. Kg1 {[%emt 0:01:07]}
Qb1+ {[%emt 0:17:54]} 52. Kg2 {[%emt 0:01:01]} Qb7 {[%emt 0:00:41]} 53. Qf6 {
[%emt 0:03:14]} d4+ {[%emt 0:00:19]} 54. Kh2 {[%emt 0:00:17]} d3 {[%emt 0:02:
40]} 55. e6 {[%emt 0:01:00]} Qg7 {[%emt 0:01:37]} 56. Qg5+ {[%emt 0:00:44]} Kh7
{[%emt 0:00:06]} 57. e7 {[%emt 0:00:37]} Qf7 {[%emt 0:01:01]} 58. Qe3 {[%emt 0:
01:36]} Qe8 {[%emt 0:01:36]} 59. Qxd3 {[%emt 0:00:28]} Qxe7 {[%emt 0:00:06]}
60. Qb5 {[%emt 0:00:41]} Qb4 {[%emt 0:00:57]} 61. Qd5 {[%emt 0:01:09]} a4 {
[%emt 0:00:47]} 62. Qf7+ {[%emt 0:01:35]} Kh6 {[%emt 0:00:01]} 63. Qe8 {
[%emt 0:00:31]} Qd4 {[%emt 0:03:19]} 64. Qf8+ {[%emt 0:00:10]} Kh7 {[%emt 0:00:
11]} 65. Qe7+ {[%emt 0:00:40]} Qg7 {[%emt 0:00:10]} 66. Qb4 {[%emt 0:00:19]}
Qa7 {[%emt 0:00:17]} 67. Qa3 {[%emt 0:00:16]} Qf2+ {[%emt 0:00:53]} 68. Kh3 {
[%emt 0:01:18]} Qf1+ {[%emt 0:00:40]} 69. Kh2 {[%emt 0:00:12]} Qe2+ {[%emt 0:
00:20]} 70. Kh3 {[%emt 0:00:36]} Qe4 {[%emt 0:01:10]} 71. Kh2 {[%emt 0:00:26]}
Kg7 {[%emt 0:00:47]} 72. Qc3+ {[%emt 0:00:13]} Kf7 {[%emt 0:00:09]} 73. Qc7+ {
[%emt 0:00:14]} Kf6 {[%emt 0:00:16]} 74. Qd8+ {[%emt 0:01:32]} Kf5 {[%emt 0:00:
30]} 75. Qd7+ {[%emt 0:00:07]} Kf6 {[%emt 0:01:22]} 76. Qd8+ {[%emt 0:00:17]}
Kf7 {[%emt 0:00:43]} 77. Qd7+ {[%emt 0:00:08]} Kf8 {[%emt 0:00:23]} 78. Qd6+ {
[%emt 0:01:30]} Kg7 {[%emt 0:00:24]} 79. Qc7+ {[%emt 0:00:21]} Kh6 {[%emt 0:02:
27]} 80. Qc1+ {[%emt 0:00:08]} Kg7 {[%emt 0:00:36]} 81. Qc7+ {[%emt 0:00:06]}
Kf8 {[%emt 0:00:10]} 82. Qd6+ {[%emt 0:00:10]} Ke8 {[%emt 0:00:18]} 83. Qb8+ {
[%emt 0:00:18]} Kd7 {[%emt 0:00:28]} 84. Qa7+ {[%emt 0:00:19]} Kd6 {[%emt 0:00:
20]} 85. Qb8+ {[%emt 0:00:34]} Kc5 {[%emt 0:00:15]} 86. Qb2 {[%emt 0:00:36]}
Qc4 {[%emt 0:00:51]} 87. Qa3+ {[%emt 0:01:01]} Kb5 {[%emt 0:00:31]} 88. Qb2+ {
[%emt 0:00:33]} Qb3 {[%emt 0:00:18]} 89. Qe5+ {[%emt 0:01:09]} Kb4 {[%emt 0:00:
09]} 90. Qe4+ {[%emt 0:00:14]} Kc3 {[%emt 0:00:31]} 91. Qe5+ {[%emt 0:00:49]}
Kc2 {[%emt 0:00:37]} 92. Qe4+ {[%emt 0:00:09]} Kb2 {[%emt 0:00:09]} 93. Qd4+ {
[%emt 0:00:23]} Ka2 {[%emt 0:00:10]} 94. Kh3 {[%emt 0:00:19]} a3 {[%emt 0:00:
29]} 95. Qd2+ {[%emt 0:00:47]} Kb1 {[%emt 0:00:34]} 96. Qe1+ {[%emt 0:00:12]}
Kb2 {[%emt 0:00:08]} 97. Qd2+ {[%emt 0:00:35]} Qc2 {[%emt 0:00:15]} 98. Qd4+ {
[%emt 0:00:59]} Kb1 {[%emt 0:00:39]} 99. Qb4+ {[%emt 0:02:04]} Ka2 {[%emt 0:00:
05]} 100. Qd4 {[%emt 0:02:53]} Qc6 {[%emt 0:03:18]} 101. Qd2+ {[%emt 0:00:23]}
Kb3 {[%emt 0:00:10]} 102. Qd3+ {[%emt 0:00:12]} Kb4 {[%emt 0:00:36]} 103. Qd4+
{[%emt 0:00:38]} Kb5 {[%emt 0:00:21]} 104. Qd3+ {[%emt 0:00:19]} Kb6 {[%emt 0:
00:17]} 105. Qb3+ {[%emt 0:00:16]} Kc7 {[%emt 0:00:07]} 106. Kh2 {[%emt 0:00:
36]} Qd6 {[%emt 0:00:44]} 107. Qc3+ {[%emt 0:03:16]} Kb6 {[%emt 0:00:13]} 108.
Qc4 {[%emt 0:00:54]} Qd2+ {[%emt 0:00:22]} 109. Kh3 {[%emt 0:00:14]} a2 {
[%emt 0:00:12]} 110. Qb3+ {[%emt 0:00:11]} Kc7 {[%emt 0:00:37]} 111. Qc4+ {
[%emt 0:00:10]} Kd6 {[%emt 0:00:20]} 112. Qa6+ {[%emt 0:00:20]} Ke7 {[%emt 0:
00:23]} 113. Qa3+ {[%emt 0:02:28]} Kf6 {[%emt 0:00:18]} 114. Qf8+ {[%emt 0:00:
12]} Ke5 {[%emt 0:00:16]} 115. Qg7+ {[%emt 0:00:30]} Kd6 {[%emt 0:00:49]} 116.
Qf8+ {[%emt 0:00:32]} Kc7 {[%emt 0:00:15]} 117. Qc5+ {[%emt 0:00:10]} Kd7 {
[%emt 0:00:12]} 118. Qb5+ {[%emt 0:01:40]} Ke7 {[%emt 0:00:14]} 119. Qc5+ {
[%emt 0:00:33]} Kf7 {[%emt 0:00:09]} 120. Qc7+ {[%emt 0:01:30]} Kg8 {[%emt 0:
00:08]} 121. Qc8+ {[%emt 0:01:11]} Kh7 {[%emt 0:00:16]} 122. Qc7+ {[%emt 0:00:
29]} Kh6 {[%emt 0:00:07]} 123. Qe5 {[%emt 0:00:37]} Qd7+ {[%emt 0:01:21]} 124.
Kh2 {[%emt 0:00:15]} Kh7 {[%emt 0:00:17]} 125. g4 {[%emt 0:01:42]} hxg4 {
[%emt 0:02:13]} 126. h5 {[%emt 0:00:24]} Qf5 {[%emt 0:00:34]} 127. hxg6+ {
[%emt 0:00:12]} Kxg6 {[%emt 0:00:08]} 128. Qe8+ {[%emt 0:00:35]} Kf6 {[%emt 0:
00:57]} 129. Qf8+ {[%emt 0:00:22]} Ke5 {[%emt 0:00:11]} 130. Qc5+ {[%emt 0:00:
55]} Kf4 {[%emt 0:00:17]} 131. Qc4+ {[%emt 0:00:06]} Kf3 {[%emt 0:00:35]} 132.
Qxa2 {[%emt 0:00:56]} Qe5+ {[%emt 0:00:37]} 133. Kg1 {[%emt 0:00:55]} Qe1+ {
[%emt 0:00:02]} 134. Kh2 {[%emt 0:00:12]} g3+ {[%emt 0:00:02]} 135. Kh3 {
[%emt 0:00:20]} Qh1+ {[%emt 0:00:02]} 0-1

[Event "European School Championships"]
[Site "Rhodes, Greece"]
[Date "2022.04.28"]
[Round "8.4"]
[White "Tatvidze, Davit"]
[Black "Ward, Cian"]
[Result "1/2-1/2"]
[WhiteElo "1440"]
[BlackElo "1367"]
[PlyCount "158"]
[EventDate "2022.04.21"]
[EventRounds "9"]

1. c4 e5 2. Nc3 Nf6 3. g3 c6 4. d4 exd4 5. Qxd4 {[%emt 24:32:33]} d5 6. Bg5 Be7
7. cxd5 cxd5 8. Bg2 Nc6 9. Qd1 Bb4 10. Kf1 {[%emt 0:00:06]} d4 {[%emt 0:06:05]}
11. Nd5 {[%emt 0:02:13]} Bc5 {[%emt 0:18:23]} 12. Rc1 {[%emt 0:04:00]} Bb6 {
[%emt 0:08:21]} 13. Rxc6 {[%emt 0:03:41]} bxc6 {[%emt 0:00:57]} 14. Nxf6+ {
[%emt 0:00:02]} gxf6 {[%emt 0:00:13]} 15. Bxc6+ {[%emt 0:00:02]} Bd7 {[%emt 0:
02:54]} 16. Bxf6 {[%emt 0:00:52]} Qxf6 {[%emt 0:00:14]} 17. Bxa8 {[%emt 0:00:
05]} d3 {[%emt 0:01:50]} 18. e3 {[%emt 0:00:59]} Qxb2 {[%emt 0:05:11]} 19. Kg2
{[%emt 0:05:05]} O-O {[%emt 0:06:11]} 20. Qxd3 {[%emt 0:04:59]} Rxa8 {[%emt 0:
01:16]} 21. Qxd7 {[%emt 0:00:23]} Bxe3 {[%emt 0:01:13]} 22. Qg4+ {[%emt 0:00:
27]} Kf8 {[%emt 0:01:27]} 23. Qf3 {[%emt 0:00:16]} Re8 {[%emt 0:00:11]} 24. Nh3
{[%emt 0:00:49]} Qxa2 {[%emt 0:06:28]} 25. Qh5 {[%emt 0:02:00]} Qc2 {[%emt 0:
02:43]} 26. Re1 {[%emt 0:06:09]} Bd2 {[%emt 0:03:12]} 27. Rxe8+ {[%emt 0:03:20]
} Kxe8 {[%emt 0:00:05]} 28. Qb5+ {[%emt 0:00:07]} Kf8 {[%emt 0:01:56]} 29. Qb8+
{[%emt 0:00:22]} Kg7 {[%emt 0:00:10]} 30. Qxa7 {[%emt 0:00:15]} Qc6+ {[%emt 0:
00:11]} 31. f3 {[%emt 0:00:32]} Qc1 {[%emt 0:02:13]} 32. Qf2 {[%emt 0:04:49]}
Be3 {[%emt 0:01:19]} 33. Qe2 {[%emt 0:00:31]} Qc3 {[%emt 0:02:14]} 34. Nf2 {
[%emt 0:00:40]} Bxf2 {[%emt 0:01:29]} 35. Qxf2 {[%emt 0:00:35]} Qe5 {[%emt 0:
00:21]} 36. h4 {[%emt 0:00:11]} Qf6 {[%emt 0:00:44]} 37. Qe3 {[%emt 0:00:07]}
h6 {[%emt 0:00:53]} 38. Kh3 {[%emt 0:01:06]} Qa1 {[%emt 0:01:10]} 39. g4 {
[%emt 0:01:16]} Qb2 {[%emt 0:04:17]} 40. Kg3 {[%emt 0:00:31]} Qb8+ {[%emt 0:01:
11]} 41. f4 {[%emt 0:00:33]} Qb1 {[%emt 0:00:21]} 42. f5 {[%emt 0:02:20]} Qb8+
{[%emt 0:00:12]} 43. Kh3 {[%emt 0:00:18]} Qb7 {[%emt 0:00:40]} 44. g5 {[%emt 0:
02:55]} hxg5 {[%emt 0:00:49]} 45. hxg5 {[%emt 0:00:39]} Qd5 {[%emt 0:02:41]}
46. Qf2 {[%emt 0:12:39]} Qd3+ {[%emt 0:01:01]} 47. Kg2 {[%emt 0:04:50]} Qd5+ {
[%emt 0:00:26]} 48. Kg3 {[%emt 0:00:57]} Qd6+ {[%emt 0:00:48]} 49. Kg4 {
[%emt 0:00:58]} Qd1+ {[%emt 0:00:50]} 50. Kg3 {[%emt 0:00:42]} Qd6+ {[%emt 0:
00:50]} 51. Qf4 {[%emt 0:00:46]} Qd3+ {[%emt 0:00:11]} 52. Kh4 {[%emt 0:00:52]}
Qd5 {[%emt 0:01:47]} 53. Kg3 {[%emt 0:00:41]} Qd3+ {[%emt 0:00:10]} 54. Qf3 {
[%emt 0:00:09]} Qd6+ {[%emt 0:00:36]} 55. Kg4 {[%emt 0:00:17]} Qd4+ {[%emt 0:
00:17]} 56. Kh5 {[%emt 0:01:06]} Qe5 {[%emt 0:03:55]} 57. f6+ {[%emt 0:01:33]}
Kh7 {[%emt 0:01:25]} 58. Kg4 {[%emt 0:00:56]} Qd4+ {[%emt 0:00:41]} 59. Qf4 {
[%emt 0:00:13]} Qg1+ {[%emt 0:00:12]} 60. Kf5 {[%emt 0:00:10]} Qc5+ {[%emt 0:
00:23]} 61. Qe5 {[%emt 0:00:39]} Qf2+ {[%emt 0:00:40]} 62. Qf4 {[%emt 0:00:29]}
Qc5+ {[%emt 0:00:12]} 63. Ke4 {[%emt 0:00:38]} Kg6 {[%emt 0:03:12]} 64. Kf3 {
[%emt 0:00:43]} Qf5 {[%emt 0:02:40]} 65. Qxf5+ {[%emt 0:00:25]} Kxf5 {[%emt 0:
00:01]} 66. g6 {[%emt 0:00:01]} Kxg6 {[%emt 0:00:13]} 67. Kg4 {[%emt 0:00:03]}
Kxf6 {[%emt 0:00:10]} 68. Kf4 {[%emt 0:00:09]} Ke6 {[%emt 0:00:50]} 69. Ke4 {
[%emt 0:00:02]} f6 {[%emt 0:00:31]} 70. Kf4 {[%emt 0:00:06]} f5 {[%emt 0:00:04]
} 71. Kf3 {[%emt 0:00:07]} Ke5 {[%emt 0:00:23]} 72. Ke3 {[%emt 0:00:01]} f4+ {
[%emt 0:00:24]} 73. Kf3 {[%emt 0:00:01]} Kf5 {[%emt 0:00:05]} 74. Kf2 Kg4 {
[%emt 0:00:12]} 75. Kg2 {[%emt 0:00:11]} f3+ {[%emt 0:00:16]} 76. Kf2 {[%emt 0:
00:01]} Kf4 {[%emt 0:00:17]} 77. Kf1 {[%emt 0:00:09]} Ke3 {[%emt 0:00:19]} 78.
Ke1 {[%emt 0:00:05]} f2+ {[%emt 0:00:07]} 79. Kf1 {[%emt 0:00:01]} Kf3 {
[%emt 0:00:05]} 1/2-1/2

[Event "European School Championships"]
[Site "Rhodes, Greece"]
[Date "2022.04.28"]
[Round "8.5"]
[White "Bekmukhanov, Sauran"]
[Black "Kuru, Atilla"]
[Result "0-1"]
[WhiteElo "1639"]
[BlackElo "2029"]
[PlyCount "60"]
[EventDate "2022.04.21"]
[EventRounds "9"]

1. e4 e6 2. d4 d5 3. exd5 exd5 4. c4 {[%emt 24:32:38]} Nf6 5. Nc3 dxc4 6. Bxc4
Bd6 7. Nf3 O-O 8. Be3 a6 9. Qd3 b5 10. Bb3 Bb7 11. h4 Nbd7 12. Ng5 c5 13. dxc5
Nxc5 14. Qc2 Nxb3 15. Qxb3 b4 {[%emt 0:00:05]} 16. Ne2 {[%emt 0:02:34]} Qa5 {
[%emt 0:01:42]} 17. O-O {[%emt 0:02:25]} h6 {[%emt 0:00:31]} 18. Nh3 {[%emt 0:
08:31]} Qh5 {[%emt 0:01:33]} 19. Nef4 {[%emt 0:08:11]} Qxh4 {[%emt 0:00:06]}
20. f3 {[%emt 0:02:46]} Nd7 {[%emt 0:08:29]} 21. Ng6 {[%emt 0:06:15]} Qg3 {
[%emt 0:00:03]} 22. Nxf8 {[%emt 0:02:38]} Qh2+ {[%emt 0:00:02]} 23. Kf2 {
[%emt 0:00:34]} Bg3+ {[%emt 0:00:02]} 24. Ke2 {[%emt 0:05:08]} Qxg2+ {[%emt 0:
00:06]} 25. Nf2 {[%emt 0:07:59]} Qxf3+ {[%emt 0:00:11]} 26. Kd2 {[%emt 0:00:46]
} Nc5 {[%emt 0:06:36]} 27. Bxc5 {[%emt 0:06:13]} Rd8+ {[%emt 0:00:02]} 28. Nd3
{[%emt 0:10:41]} Bf4+ {[%emt 0:00:02]} 29. Kc2 {[%emt 0:05:59]} Qe2+ {[%emt 0:
00:07]} 30. Kb1 {[%emt 0:00:22]} Qxf1+ {[%emt 0:00:09]} 0-1

[Event "European School Championships"]
[Site "Rhodes, Greece"]
[Date "2022.04.28"]
[Round "8.6"]
[White "Ochedzan, Filip"]
[Black "Grose, Kameron"]
[Result "1-0"]
[WhiteElo "1873"]
[BlackElo "1681"]
[PlyCount "71"]
[EventDate "2022.04.21"]
[EventRounds "9"]

1. e4 c5 2. Nf3 d6 3. d4 cxd4 4. Nxd4 Nf6 5. Nc3 a6 6. Bg5 e6 7. f4 Be7 8. Qf3
Nbd7 9. O-O-O Qc7 10. g4 h6 11. Bxf6 Bxf6 12. h4 Bxd4 13. Rxd4 b5 14. Qd1 {
[%emt 0:01:55]} Nc5 {[%emt 0:05:58]} 15. Bg2 {[%emt 0:04:53]} Bb7 {[%emt 0:00:
53]} 16. f5 {[%emt 0:01:41]} Rd8 {[%emt 0:03:16]} 17. fxe6 {[%emt 0:01:40]}
Nxe6 {[%emt 0:00:15]} 18. Rd2 {[%emt 0:03:52]} Qc6 {[%emt 0:10:19]} 19. e5 {
[%emt 0:04:38]} Qxg2 {[%emt 0:04:36]} 20. Rxg2 {[%emt 0:00:10]} Bxg2 {[%emt 0:
00:06]} 21. Rg1 {[%emt 0:01:36]} dxe5 {[%emt 0:01:32]} 22. Qe2 {[%emt 0:00:37]}
Bb7 {[%emt 0:00:26]} 23. Qxe5 {[%emt 0:00:57]} Ke7 {[%emt 0:01:28]} 24. Re1 {
[%emt 0:04:08]} g6 {[%emt 0:09:48]} 25. Rf1 {[%emt 0:03:24]} Rhf8 {[%emt 0:06:
37]} 26. a3 {[%emt 0:06:39]} Rd4 {[%emt 0:05:45]} 27. Qf6+ {[%emt 0:08:13]} Kd7
{[%emt 0:05:05]} 28. Re1 {[%emt 0:03:38]} Rf4 {[%emt 0:06:54]} 29. Rd1+ {
[%emt 0:00:28]} Kc8 {[%emt 0:03:06]} 30. Qe5 {[%emt 0:02:09]} Rxg4 {[%emt 0:06:
18]} 31. Nd5 {[%emt 0:02:58]} Bxd5 {[%emt 0:00:53]} 32. Qxd5 {[%emt 0:00:16]}
Kb8 {[%emt 0:06:07]} 33. Qd6+ {[%emt 0:05:03]} Kb7 {[%emt 0:00:55]} 34. Qe7+ {
[%emt 0:00:16]} Kb6 {[%emt 0:04:41]} 35. Rd6+ {[%emt 0:01:14]} Ka5 {[%emt 0:00:
08]} 36. b4+ {[%emt 0:00:25]} 1-0

[Event "European School Championships"]
[Site "Rhodes, Greece"]
[Date "2022.04.29"]
[Round "9.1"]
[White "Gvasalia, Gaga"]
[Black "Erdogmus, Yagiz Kaan"]
[Result "0-1"]
[WhiteElo "1211"]
[BlackElo "2358"]
[PlyCount "50"]
[EventDate "2022.04.21"]
[EventRounds "9"]

1. e4 c5 {[%emt 0:00:07]} 2. Nf3 {[%emt 0:00:05]} e6 {[%emt 0:00:08]} 3. d4
cxd4 {[%emt 0:00:07]} 4. Nxd4 {[%emt 0:00:01]} Nc6 {[%emt 0:00:10]} 5. Nc3 {
[%emt 0:00:03]} Qc7 {[%emt 0:00:05]} 6. Be3 {[%emt 0:00:04]} a6 {[%emt 0:00:10]
} 7. Qd2 {[%emt 0:00:06]} Nf6 {[%emt 0:00:05]} 8. f3 {[%emt 0:00:23]} Be7 {
[%emt 0:02:37]} 9. O-O-O {[%emt 0:00:23]} b5 {[%emt 0:00:39]} 10. Bf4 {[%emt 0:
00:22]} e5 {[%emt 0:01:27]} 11. Nxc6 {[%emt 0:00:11]} dxc6 {[%emt 0:00:38]} 12.
Be3 {[%emt 0:04:32]} Be6 {[%emt 0:06:32]} 13. Kb1 {[%emt 0:06:00]} O-O {
[%emt 0:06:33]} 14. Qf2 {[%emt 0:00:56]} a5 {[%emt 0:09:00]} 15. g4 {[%emt 0:
02:19]} a4 {[%emt 0:01:09]} 16. g5 {[%emt 0:00:29]} Nh5 {[%emt 0:01:44]} 17.
Ne2 {[%emt 0:02:39]} g6 {[%emt 0:11:36]} 18. Ng3 {[%emt 0:00:18]} Nf4 {[%emt 0:
00:14]} 19. h4 {[%emt 0:00:32]} b4 {[%emt 0:01:21]} 20. b3 {[%emt 0:16:00]} c5
{[%emt 0:09:02]} 21. Bb5 {[%emt 0:04:01]} c4 {[%emt 0:06:05]} 22. Bxa4 {
[%emt 0:00:43]} c3 {[%emt 0:03:07]} 23. Bb5 {[%emt 0:11:06]} Rxa2 {[%emt 0:05:
35]} 24. Kxa2 {[%emt 0:01:24]} Qa5+ {[%emt 0:00:02]} 25. Kb1 {[%emt 0:00:14]}
Qxb5 {[%emt 0:00:03]} 0-1

[Event "European School Championships"]
[Site "Rhodes, Greece"]
[Date "2022.04.29"]
[Round "9.2"]
[White "Murawski, Jan"]
[Black "Tatvidze, Davit"]
[Result "1/2-1/2"]
[WhiteElo "1439"]
[BlackElo "1440"]
[PlyCount "89"]
[EventDate "2022.04.21"]
[EventRounds "9"]

1. d4 d5 {[%emt 0:00:07]} 2. c4 {[%emt 0:00:04]} dxc4 {[%emt 0:00:05]} 3. e4 {
[%emt 0:00:05]} b5 {[%emt 0:00:24]} 4. a4 {[%emt 0:00:06]} c6 {[%emt 0:00:04]}
5. axb5 {[%emt 0:00:17]} cxb5 {[%emt 0:00:06]} 6. b3 {[%emt 0:00:17]} e6 {
[%emt 0:01:28]} 7. Nf3 {[%emt 0:00:44]} Bb7 {[%emt 0:03:41]} 8. bxc4 {[%emt 0:
03:59]} bxc4 {[%emt 0:00:33]} 9. Bxc4 {[%emt 0:02:27]} Bxe4 {[%emt 0:00:49]}
10. O-O {[%emt 0:00:42]} Nf6 {[%emt 0:00:34]} 11. Nc3 {[%emt 0:01:53]} Bxf3 {
[%emt 0:03:42]} 12. Qxf3 {[%emt 0:00:14]} Nbd7 {[%emt 0:05:54]} 13. d5 {
[%emt 0:01:56]} e5 {[%emt 0:01:50]} 14. Bb5 {[%emt 0:02:21]} Bb4 {[%emt 0:02:
55]} 15. Bc6 {[%emt 0:03:14]} Rc8 {[%emt 0:00:52]} 16. Rxa7 {[%emt 0:01:25]}
Bxc3 {[%emt 0:13:31]} 17. Qxc3 {[%emt 0:00:36]} O-O {[%emt 0:01:58]} 18. Qh3 {
[%emt 0:07:47]} Nb8 {[%emt 0:03:11]} 19. Ba3 {[%emt 0:02:22]} Nxc6 {[%emt 0:01:
59]} 20. dxc6 {[%emt 0:00:06]} Re8 {[%emt 0:00:10]} 21. Qb3 {[%emt 0:00:14]}
Qd5 {[%emt 0:07:00]} 22. Qxd5 {[%emt 0:03:10]} Nxd5 {[%emt 0:00:02]} 23. Rc1 {
[%emt 0:00:13]} Nc7 {[%emt 0:00:44]} 24. Rb7 {[%emt 0:02:14]} Re6 {[%emt 0:03:
13]} 25. g3 {[%emt 0:04:58]} f6 {[%emt 0:03:09]} 26. Kg2 {[%emt 0:12:49]} h5 {
[%emt 0:06:38]} 27. h4 {[%emt 0:00:09]} Kh7 {[%emt 0:01:43]} 28. Bb4 {[%emt 0:
02:31]} Nd5 {[%emt 0:03:38]} 29. c7 {[%emt 0:00:13]} Nxb4 {[%emt 0:00:27]} 30.
Rxb4 {[%emt 0:00:06]} Re7 {[%emt 0:00:07]} 31. Rbc4 {[%emt 0:00:50]} Kg6 {
[%emt 0:01:05]} 32. Kf3 {[%emt 0:00:25]} Kf5 {[%emt 0:00:15]} 33. Rc6 {[%emt 0:
00:28]} Rd7 {[%emt 0:00:43]} 34. Ke3 {[%emt 0:00:53]} Rd5 {[%emt 0:02:56]} 35.
Rb6 {[%emt 0:02:21]} Rd7 {[%emt 0:01:11]} 36. Rbc6 {[%emt 0:00:42]} Kg4 {
[%emt 0:01:44]} 37. R1c4+ {[%emt 0:01:20]} Kf5 {[%emt 0:00:18]} 38. f3 {
[%emt 0:05:47]} Kg6 {[%emt 0:01:55]} 39. Ke4 {[%emt 0:02:47]} Kf7 {[%emt 0:01:
00]} 40. f4 {[%emt 0:04:44]} exf4 {[%emt 0:01:00]} 41. Kxf4 {[%emt 0:00:07]}
Re7 {[%emt 0:01:13]} 42. Rc1 {[%emt 0:00:59]} Rd7 {[%emt 0:00:43]} 43. R6c4 {
[%emt 0:00:44]} Rd5 {[%emt 0:00:44]} 44. Rb1 {[%emt 0:01:08]} Rd7 {[%emt 0:02:
41]} 45. Rbc1 {[%emt 0:00:10]} 1/2-1/2

[Event "European School Championships"]
[Site "Rhodes, Greece"]
[Date "2022.04.29"]
[Round "9.3"]
[White "Kuru, Atilla"]
[Black "Qalabegashvili, Data"]
[Result "1-0"]
[WhiteElo "2029"]
[BlackElo "1348"]
[PlyCount "93"]
[EventDate "2022.04.21"]
[EventRounds "9"]

1. e4 {[%emt 0:00:01]} c5 {[%emt 0:00:14]} 2. Nf3 {[%emt 0:00:05]} Nc6 {
[%emt 0:00:05]} 3. d4 {[%emt 0:00:05]} cxd4 {[%emt 0:00:04]} 4. Nxd4 {[%emt 0:
00:09]} g6 {[%emt 0:00:05]} 5. c4 {[%emt 0:00:06]} Bg7 {[%emt 0:00:07]} 6. Be3
{[%emt 0:00:06]} Nf6 {[%emt 0:00:04]} 7. Nc3 {[%emt 0:00:06]} O-O {[%emt 0:00:
11]} 8. Be2 {[%emt 0:00:03]} d6 {[%emt 0:00:07]} 9. O-O {[%emt 0:00:08]} Bd7 {
[%emt 0:00:04]} 10. f3 {[%emt 0:00:27]} Nxd4 {[%emt 0:00:47]} 11. Bxd4 {
[%emt 0:00:07]} Bc6 {[%emt 0:00:09]} 12. Qd2 {[%emt 0:00:48]} Nd7 {[%emt 0:04:
01]} 13. Bxg7 {[%emt 0:02:39]} Kxg7 {[%emt 0:00:11]} 14. b3 {[%emt 0:01:02]}
Qb6+ {[%emt 0:00:24]} 15. Kh1 {[%emt 0:00:13]} a5 {[%emt 0:00:14]} 16. Rfe1 {
[%emt 0:01:42]} Rfc8 {[%emt 0:01:03]} 17. Rab1 {[%emt 0:02:28]} Nc5 {[%emt 0:
03:24]} 18. Bf1 {[%emt 0:03:56]} Ne6 {[%emt 0:01:08]} 19. Nd5 {[%emt 0:00:19]}
Qd8 {[%emt 0:00:30]} 20. f4 {[%emt 0:00:42]} Bxd5 {[%emt 0:00:36]} 21. exd5 {
[%emt 0:00:11]} Nc5 {[%emt 0:01:07]} 22. f5 {[%emt 0:00:11]} Nd7 {[%emt 0:00:
52]} 23. Re3 {[%emt 0:03:10]} Qf8 {[%emt 0:03:42]} 24. Qd4+ {[%emt 0:01:53]}
Kg8 {[%emt 0:01:30]} 25. Rbe1 {[%emt 0:02:40]} Re8 {[%emt 0:04:57]} 26. a3 {
[%emt 0:04:00]} Ne5 {[%emt 0:08:36]} 27. c5 {[%emt 0:00:45]} Rec8 {[%emt 0:16:
47]} 28. b4 {[%emt 0:03:15]} axb4 {[%emt 0:00:06]} 29. axb4 {[%emt 0:00:42]}
Qg7 {[%emt 0:03:57]} 30. b5 {[%emt 0:07:52]} Qf6 {[%emt 0:07:05]} 31. fxg6 {
[%emt 0:00:52]} fxg6 {[%emt 0:03:56]} 32. c6 {[%emt 0:00:49]} Rf8 {[%emt 0:01:
41]} 33. h3 {[%emt 0:00:23]} Qg5 {[%emt 0:14:23]} 34. Qe4 {[%emt 0:30:21]} b6 {
[%emt 0:03:59]} 35. Rc3 {[%emt 0:01:38]} Rf4 {[%emt 0:01:42]} 36. Qe3 {[%emt 0:
01:34]} Raf8 {[%emt 0:06:03]} 37. Be2 {[%emt 0:03:16]} Qh4 {[%emt 0:01:19]} 38.
Rcc1 {[%emt 0:06:56]} Re4 {[%emt 0:06:27]} 39. Qc3 {[%emt 0:02:41]} Qf2 {
[%emt 0:02:35]} 40. Rf1 {[%emt 0:01:00]} Qxe2 {[%emt 0:03:56]} 41. Rxf8+ {
[%emt 0:00:02]} Kxf8 {[%emt 0:01:04]} 42. c7 {[%emt 0:00:06]} Rc4 {[%emt 0:00:
39]} 43. Qxc4 {[%emt 0:00:02]} Nxc4 {[%emt 0:00:13]} 44. c8=Q+ {[%emt 0:00:07]}
Kg7 {[%emt 0:00:05]} 45. Qxc4 {[%emt 0:00:06]} Qh5 {[%emt 0:00:46]} 46. Qd4+ {
[%emt 0:00:10]} Kh6 {[%emt 0:00:08]} 47. Rf1 {[%emt 0:00:21]} 1-0